| 000 | 00424nam a2200157Ia 4500 | ||
|---|---|---|---|
| 008 | 230312s9999||||xx |||||||||||||| ||und|| | ||
| 020 | _a0-553-05061-3 | ||
| 082 |
_a650.1 _bMCC-W |
||
| 100 | _aMark H.McCormack | ||
| 245 | 0 | _aWhat They Don't Teach you at Harvard Business School | |
| 260 |
_bBantam Books _aNew York _c1984 |
||
| 300 | _a256 | ||
| 546 | _aEng. | ||
| 650 |
_aManagement _vHarvard Business School |
||
| 942 | _cBK | ||
| 999 |
_c1296 _d1296 |
||